Matriz de insumo-producto para la economía chilena 1986
Kaydedildi:
| Müşterek Yazar: | |
|---|---|
| Materyal Türü: | Kitap |
| Dil: | İspanyolca |
| Baskı/Yayın Bilgisi: |
Santiago
Banco Central de Chile
1992
|
| Konular: | |
| Etiketler: |
Etiketle
Etiket eklenmemiş, İlk siz ekleyin!
|
MARC
| LEADER | 00000nam a2200000 a 4500 | ||
|---|---|---|---|
| 001 | UCY3291 | ||
| 003 | CL-VaPUC | ||
| 008 | 941220e19920000CL |||||||||||||||||spa|d | ||
| 082 | 0 | 4 | |a 338.9 |b BAN |2 21 |
| 110 | 2 | |a Banco Central de Chile |e author |9 331568 | |
| 245 | 1 | 0 | |a Matriz de insumo-producto para la economía chilena 1986 |
| 300 | |a 397 p | ||
| 942 | |c BK | ||
| 945 | |d 19941220 00:00:00 |a rbrito | ||
| 260 | |a Santiago |b Banco Central de Chile |c 1992 | ||
| 650 | 7 | |a ECONOMIA 1986 |2 CL-VaPUC |9 331569 | |
| 650 | 0 | |a Aspectos económicos |y 1986- |9 331570 | |
| 651 | 7 | |a CHILE |2 CL-VaPUC |9 331571 | |
| 583 | |a last modification |c 19941220 00:00:00 |k Rodrigo Vera | ||
| 999 | |c 231476 |d 231474 | ||
| 952 | |0 0 |1 0 |4 0 |6 338_900000000000000_BAN_1992 |7 0 |8 P |9 234772 |a BIBGIM |b BIBGIM |d 2019-11-15 |i 3034941 |o 338.9 BAN 1992 |p 3034941 |r 2025-01-15 |w 2019-11-15 |y BK |k COM | ||